Jennie - with the IE (way up) (Lyrics) - Statistics

General Stats
  • This quiz has been taken 113 times
  • The average score is 284 of 444
Answer Stats
Lyrics % Correct
a
98%
the
92%
I
90%
Way
90%
way
90%
you?
90%
you
90%
Are
88%
are
88%
up,
88%
up
88%
in
86%
Party
86%
party,
86%
back
83%
it
83%
It
83%
all
81%
go
81%
I'm
81%
(I'm
81%
No
81%
room
81%
do
80%
me
80%
me)
80%
on
80%
yeah,
80%
yeah
80%
Yeah,
80%
(Yeah,
80%
yeah)
80%
let
78%
when
78%
my
75%
Now
73%
now,
73%
fire
71%
is
71%
restroom
69%
attitude
68%
Shimmy,
68%
shimmy,
68%
Shots
66%
Bulletproof
64%
left
64%
so
63%
so,
63%
through
63%
ah
61%
glass
61%
riding
61%
your
61%
Your
61%
watch
56%
won't
56%
but
54%
of
54%
more
51%
that,
51%
Why
51%
An
49%
done
49%
like
49%
problem
49%
Gimme,
47%
gimme
47%
hear
47%
I'ma
47%
crime,
46%
give
44%
hate
44%
she
44%
Sorry
44%
sorry,
44%
there
44%
cycles
42%
her,
42%
not
42%
straight
42%
Everybody's
41%
got
41%
Got
41%
Nasty,
41%
off
41%
off?
41%
Rooftop
41%
fuckin'
39%
scary
39%
cool,
37%
day
37%
Harley
37%
line's
37%
out
37%
sea
37%
sweet?
37%
villain
37%
and
36%
Breathe,
36%
coat
36%
topic
36%
around
34%
being
32%
can
32%
'em
32%
hardly
32%
hot
32%
judgment,
32%
Shadows
32%
stressed
32%
too
32%
chokehold
31%
gelatto
31%
it's
31%
rotten
31%
siren
31%
spoiled
31%
trending
31%
angel,
29%
cold,
29%
evaluating
29%
Set
29%
set
29%
Come,
27%
diablo
27%
Gave
27%
Get
27%
giving
27%
motor-boat
27%
much
27%
name,
27%
one,
27%
seems
27%
sound
27%
sound)
27%
turnt
27%
kiss
25%
looked
25%
never
25%
Target
25%
they
25%
floats
24%
killer
22%
(Ah,uh,
20%
ah,uh)
20%
aim's
20%
Spectators
20%
(Spectators
20%
want
20%
close
19%
'round
19%
said
19%
though
19%
crowd
17%
face,
15%
calm
14%
mery-go
8%
uh-huh
7%
uh-huh)
7%
wave-chopping
7%
flasy,
2%
No matching quizzes found
Score Distribution
Percent of People with Each Score
Percentile by Number Answered
Your Score History
You have not taken this quiz